Tilastot visalle Aasian maat - kirjoita alkukirjain

Klikkaa tästä pelataksesi tätä visaa!

Yleistilastot

  • Tätä visaa on pelattu 991 kertaa
  • Keskiarvotulos 30 / 48

Vastaukset kartalla

Vastauksille on annettu kartalla punavihreä väri sen mukaan, kuinka moni on saanut sen oikein.
 

Vastaustilastot

Valtio% Oikein
Armenia
66%
Saudi-Arabia
66%
Sri Lanka
66%
Thaimaa
66%
Bangladesh
65%
Intia
65%
Iran
65%
Japani
65%
Jordania
65%
Kazakstan
64%
Kiina
64%
Taiwan
64%
Vietnam
64%
Indonesia
63%
Kambodža
63%
Laos
63%
Malediivit
63%
Mongolia
63%
Filippiinit
62%
Georgia
62%
Irak
62%
Malesia
62%
Myanmar
62%
Oman
62%
Pohjois-Korea
62%
Qatar
62%
Singapore
62%
Turkki
62%
Uzbekistan
62%
Azerbaidžan
61%
Israel
61%
Jemen
61%
Kuwait
61%
Kypros
61%
Libanon
61%
Syyria
61%
Turkmenistan
61%
Yhdistyneet arabiemiirikunnat
61%
Afganistan
60%
Bahrain
60%
Itä-Timor
60%
Kirgisia
60%
Nepal
60%
Tadžikistan
60%
Pakistan
59%
Bhutan
58%
Brunei
58%
Etelä-Korea
58%

Tulosjakauma

Persentiili vastausten määrän mukaan

Jokaisen tuloksen saaneiden osuus

Tuloshistoriasi

Et ole pelannut tätä visaa